000 00290nam a22001337a 4500
008 170802b xxu||||| |||| 00| 0 eng d
020 _a9780131426443
041 _aeng
080 _24TH
_a004
100 _a32
101 _aSHK
245 _aC HOW TO PROGRAM
_cHORTON,M
942 _2udc
_cBK
999 _c22491
_d22491